00366nam a22001337a 4500003000500000038001000005082001300015100001800028245005700046260003500103300001900138650005300157700002200210NUST asaima a005bMCS aAhmed, Hannia aAn Improved Content Based Image Retrival Technique / aIslamabad :bMCS - NUST,c2017 a49 p. ;c30cm. aComputer Science-An Improved Content Based Image aDr. Abdul Ghafoor